000 00406nam a2200169Ia 4500
008 230524s9999 xx 000 0 und d
082 _a658.45
_bKRA
100 _aLee J.Krajewski
245 0 _aOperations Management
250 _a1ST
260 _aNEW DELHI
_bPearson
_c2005
300 _aXIV;711
500 _aQuantity Number: 2
650 _aManagement
700 _a Larry P.Ritzman
942 _cBK
999 _c35957
_d35957